Pays de plus de 50 millions d'habitants - Statistiques

Statistiques générales
  • Ce quiz a été pris 132 fois
  • Le résultat moyen est 7 sur 16
Answers on the Grid
Answers color-coded by a green-red scale on the quiz's grid according to % correct below.
Mexique
Corée du Sud
Indonésie
Italie
Japon
Niger
Royaume-Uni
Argentine
Thaïlande
Laos
Espagne
RD Congo
Malaisie
Pays-Bas
Allemagne
Canada
Kenya
Mali
Pérou
Chine
Pologne
Iran
Ethiopie
Ukraine
Erythrée
Bangladesh
Tanzanie
Suède
Arabie saoudite
Ouzbékistan
Russie
Bolivie
 
Statistiques - réponses
Réponse % Correct
Mexique
78%
Japon
73%
Indonésie
65%
Royaume-Uni
51%
Thaïlande
50%
Allemagne
41%
Iran
41%
Italie
39%
Chine
38%
Corée du Sud
35%
Russie
35%
Bangladesh
31%
RD Congo
28%
Ethiopie
23%
Tanzanie
16%
Kenya
14%
Aucun quiz correspondant
Distribution des résultats
% des personnes avec chaque résultat
Percentile par nombre de réponses
Votre historique - résultats
Vous n’avez pas pris ce quiz